Henry David Thoreau (Record no. 121206)
[ view plain ]
| 000 -LEADER | |
|---|---|
| fixed length control field | 00437nam a22001217a 4500 |
| 008 - FIXED-LENGTH DATA ELEMENTS--GENERAL INFORMATION | |
| fixed length control field | 141107b xxu||||| |||| 00| 0 eng d |
| 050 ## - LIBRARY OF CONGRESS CALL NUMBER | |
| Classification number | PS3042 1985 |
| 100 ## - MAIN ENTRY--PERSONAL NAME | |
| Personal name | Thoreau, Henry David |
| 9 (RLIN) | 12512 |
| 245 ## - TITLE STATEMENT | |
| Title | Henry David Thoreau |
| Remainder of title | a week on the concord and merrimack rivers; walden; the marne woods; cape cod |
| Statement of responsibility, etc | Robert F. Sayre ed. |
| 260 ## - PUBLICATION, DISTRIBUTION, ETC. (IMPRINT) | |
| Place of publication, distribution, etc | New York |
| Name of publisher, distributor, etc | The Library of America |
| Date of publication, distribution, etc | 1985 |
| 300 ## - PHYSICAL DESCRIPTION | |
| Extent | 1114p. ; |
| Dimensions | 21cm. |
| 942 ## - ADDED ENTRY ELEMENTS (KOHA) | |
| Source of classification or shelving scheme | Library of Congress Classification |
| Item type | Monograph ( Printed materials) |
| Withdrawn status | Lost status | Source of classification or shelving scheme | Damaged status | Not for loan | Collection code | Home library | Current library | Shelving location | Date acquired | Total Checkouts | Full call number | Barcode | Date last seen | Price effective from | Koha item type |
|---|---|---|---|---|---|---|---|---|---|---|---|---|---|---|---|
| Library of Congress Classification | Main Collection | ARRUPE LIBRARY | ARRUPE LIBRARY | Main Collection | 07/11/2014 | PS3042 1985 | 46500003774 | 07/11/2014 | 07/11/2014 | Monograph ( Printed materials) |